000 02431cam a22004218i 4500
001 data
005 20260322212116.0
008 data
035 _a22761517
906 _a7
_bcbc
_corignew
_d1
_eecip
_f20
_gy-gencatlg
925 0 _aacquire
_b1 shelf copy
_xpolicy default
955 _wxm13 2022-11-01
010 _a 2022027663
020 _a9781032285719
_q(hardback)
020 _a9781032285740
_q(paperback)
020 _z9781003297482
_q(ebook)
040 _aDLC
_beng
_erda
_cDLC
042 _apcc
050 0 0 _aPZ8
_b.R238 2023
082 0 0 _a398.2
_223/eng/20221101
245 0 0 _aRed magic :
_bthe world's best fairy tales /
_ccollected and arranged by Romer Wilson ; edited by Jack Zipes ; illustrated by Kay Nielsen.
263 _a2212
264 1 _aNew York, NY :
_aNew York, NY :
_bRoutledge,
_c2023.
300 _apages cm
336 _atext
_btxt
_2rdacontent
337 _aunmediated
_bn
_2rdamedia
338 _avolume
_bnc
_2rdacarrier
505 0 _aThe Dangers of Dragons / Romer Wilson -- The Reward of Virtue / Taddeo Ricciardi -- The Story of the Three Bears / Robert Southey -- Bluebeard / Charles Perrault -- Rich Peter the Peddler / Sir George Dasent -- Hawk and Mole / Edward L. Handy -- A Child's Dream of a Star / Charles Dickens -- Bean Flower and Pea Blossom / Charles Nodier -- The Country Mouse and the Town Mouse / Aesop -- King Uggermugger, or the Princess Silver-Silk / Cholmondeley Pennell -- The Bear and the Hunter's Stepson / Charles Marius Barbeau -- At the Door / Puss Brambula Compton -- The Six Swans / Jacob & Wilhelm Grimm -- The Enchanted Deer / Mme Catherine d'Aulnoy -- Mrs. Tabitha Tortoiseshell / Puss Brambula Compton -- St. George and the Dragon / Percy's Reliques -- The Dragon of Watley / Percy's Reliques -- The Chimaera / Nathaniel Hawthorne -- Bash-Chalek, or True Steel / Elodie L. Mijatovich -- Aladdin and the Magic Lamp / Antoine Galland.
520 _aA collection of familiar and lesser-known fairy tales.
650 0 _aFairy tales.
650 1 _aFairy tales.
650 1 _aFolklore.
655 7 _aFairy tales.
_2lcgft
700 1 _aWilson, Romer,
_d1891-1930,
_ecompiler.
700 1 _aZipes, Jack,
_d1937-
_eeditor.
700 1 _aNielsen, Kay Rasmus,
_d1886-1957,
_eillustrator.
776 0 8 _iOnline version:
_tRed magic
_dNew York : Routledge, 2022
_z9781003297482
_w(DLC) 2022027664
999 _c1761
_d1761